<?xml version="1.0" encoding="UTF-8"?><?xml-stylesheet type="text/xsl" href="static/style.xsl"?><OAI-PMH xmlns="http://www.openarchives.org/OAI/2.0/" xmlns:xsi="http://www.w3.org/2001/XMLSchema-instance" xsi:schemaLocation="http://www.openarchives.org/OAI/2.0/ http://www.openarchives.org/OAI/2.0/OAI-PMH.xsd"><responseDate>2026-06-01T18:27:24Z</responseDate><request verb="GetRecord" identifier="oai:riuma.uma.es:10630/12425" metadataPrefix="marc">https://riuma.uma.es/rest/oai/request</request><GetRecord><record><header><identifier>oai:riuma.uma.es:10630/12425</identifier><datestamp>2026-02-03T12:15:31Z</datestamp><setSpec>com_10630_2254</setSpec><setSpec>col_10630_37959</setSpec></header><metadata><record xmlns="http://www.loc.gov/MARC21/slim" xmlns:dcterms="http://purl.org/dc/terms/" xmlns:doc="http://www.lyncode.com/xoai" xmlns:xsi="http://www.w3.org/2001/XMLSchema-instance" xsi:schemaLocation="http://www.loc.gov/MARC21/slim http://www.loc.gov/standards/marcxml/schema/MARC21slim.xsd">
   <leader>00925njm 22002777a 4500</leader>
   <datafield ind2=" " ind1=" " tag="042">
      <subfield code="a">dc</subfield>
   </datafield>
   <datafield ind2=" " ind1=" " tag="720">
      <subfield code="a">Ramirez Córdoba, Myriam</subfield>
      <subfield code="e">author</subfield>
   </datafield>
   <datafield ind2=" " ind1=" " tag="260">
      <subfield code="c">2016-11-22</subfield>
   </datafield>
   <datafield ind2=" " ind1=" " tag="520">
      <subfield code="a">En Proyecto Hombre asumimos que el modelo que mejor explica el fenómeno de las adicciones es  el Modelo Bio-psico-social. Este modelo defiende que las adicciones vienen causadas por múltiples factores y no por un factor único. Estos factores serían: Factores Biológicos, Factores Psicológicos (lo que implica pensamientos, emociones y conductas), y Factores Sociales. Todos ellos juegan un papel importante en el funcionamiento humano en el contexto de las adicciones y de la percepción que se tiene de ella. El objetivo es lograr un componente emocional intrínsecamente terapéutico-educativo en la relación establecida.  Frente a un problema diagnóstico de cierta complejidad, como la adicción, se debe evitar inicialmente tomar posición hacia hipótesis exclusivamente biológicas o psicosociales, es decir, evita focalizarse: todo es más complejo y aparecen continuamente nuevos datos.</subfield>
   </datafield>
   <datafield ind1="8" ind2=" " tag="024">
      <subfield code="a">http://hdl.handle.net/10630/12425</subfield>
   </datafield>
   <datafield tag="653" ind2=" " ind1=" ">
      <subfield code="a">Drogas</subfield>
   </datafield>
   <datafield ind2="0" ind1="0" tag="245">
      <subfield code="a">Intervención en Proyecto Hombre desde un Modelo Biopsicosocial</subfield>
   </datafield>
</record>
</metadata></record></GetRecord></OAI-PMH>